000 00729nam a2200253Ia 4500
003 OSt
005 20220923223045.0
006 a|||||r|||| 00| 0
007 ta
008 220922b |||||||| |||| 00| 0 hin d
024 _a210,196
037 _cTextual
040 _aARTS
_cARTS
_bhin
041 _2hin
_ahin
082 _aO152,3N3116x, N3
100 _aसरला
245 0 _aआखिर वो मिल गई
246 _aĀkhir vo mil gaī
260 _aबीकानेर
_b प्रकाशन
_c1993
300 _a95पृ.
_ccm.
650 _aहिन्दी साहित्य
_9156264
942 _hO152,3N3116x, N3
_cTEXL
_2CC
999 _c360745
_d360745